00489nam a2200145Ia 450000500170000000800410001704100080005808200160006610000340008224500320011626000410014865000200018999900190020995201150022820250729165807.0250729s2013 xx 000 0 und d aeng a540.25 SHEC aShetty Adithya namada9233159 aChemistry I P U C Text Book aMangalorebBoscoss Publicationc2013 aScience9233160 c240142d240142 00104070aALbALd2025-07-29eManagement Bookl0o540.25 SHECpBED05461r2025-07-29 16:58:07w2025-07-29yBK